Top 30 : Beyoncé - Statistiques

Statistiques générales
  • Ce quiz a été pris 167 fois
  • Le résultat moyen est 15 sur 30
Statistiques - réponses
Top Titres Featuring % Correct
2 Crazy In Love JAY-Z
90%
30 Crazy In Love - Remix
90%
3 Telephone Lady Gaga
88%
20 Beautiful Liar Shakira
79%
1 Halo
78%
6 Single Ladies (Put a Ring on It)
78%
11 Drunk in Love JAY-Z
73%
19 Baby Boy Sean Paul
70%
4 CUFF IT
58%
12 Run the World (Girls)
58%
9 TEXAS HOLD 'EM
58%
16 Savage Remix Megan Thee Stallion
57%
10 If I Were a Boy
56%
29 Flawless Remix Nicki Minaj
52%
23 Formation
49%
15 BREAK MY SOUL
47%
8 Love On Top
44%
21 Mi Gente Willy William, J Balvin
42%
25 Runnin' (Lose It All) Naughty Boy, Arrow Benjamin
42%
7 Irreplaceable
41%
22 Diva
38%
5 Perfect Duet Ed Sheeran
38%
14 Partition
33%
28 Naughty Girl
32%
13 7/11
30%
24 Sweet Dreams
26%
17 Feeling Myself
25%
27 ALIEN SUPERSTAR
24%
26 XO
18%
18 Best Thing I Never Had
12%
Aucun quiz correspondant
Distribution des résultats
% des personnes avec chaque résultat
Percentile par nombre de réponses
Votre historique - résultats
Vous n’avez pas pris ce quiz